000
00312nam a22001217a 4500
008
160423b xxu||||| |||| 00| 0 eng d
020
_a
9781449661335
020
_a
978144661335
041
_a
eng
080
_a
612.39
245
_a
Discovering nutrition:
_c
Paul Insel; Don Ross;Kimberley McMahon;
942
_2
udc
_c
BK
999
_c
1558
_d
1558